| 000 | 00523nam a2200181 a 4500 | ||
|---|---|---|---|
| 001 | 767 | ||
| 003 | CDMR | ||
| 005 | 20130116135157.0 | ||
| 008 | 130130s1971||||||||||||||||||||||||||||d | ||
| 040 |
_aCDMR _bcat _cCDMR |
||
| 100 | 1 |
_aQuaal, Ward L. _9594 |
|
| 245 | 1 | 0 |
_aDirección de estaciones de radio y televisión _cWard L. Quaal i Leo A. Martin |
| 260 |
_aMexico _c1971 _bDiana |
||
| 300 |
_a262 p ; _c23 cm |
||
| 490 | 0 |
_aEstudios sobre Dirección de Medios _9595 |
|
| 650 | 0 | 4 |
_aRàdio _xGestió d´emissores _9596 |
| 942 | _cMON | ||
| 999 |
_c767 _d767 |
||